<?xml version="1.0" encoding="UTF-8"?>
<record
    xmlns:xsi="http://www.w3.org/2001/XMLSchema-instance"
    xsi:schemaLocation="http://www.loc.gov/MARC21/slim http://www.loc.gov/standards/marcxml/schema/MARC21slim.xsd"
    xmlns="http://www.loc.gov/MARC21/slim">

  <leader>02190nam a2200265 a 4500</leader>
  <controlfield tag="001">ASIN185743126X</controlfield>
  <controlfield tag="005">20170105102839.0</controlfield>
  <controlfield tag="008">130802s2003    xxu                 eng d</controlfield>
  <datafield tag="020" ind1=" " ind2=" ">
    <subfield code="a">185743126X (hardcover)</subfield>
    <subfield code="c">$200.00</subfield>
  </datafield>
  <datafield tag="020" ind1=" " ind2=" ">
    <subfield code="a">9781857431261 (hardcover)</subfield>
  </datafield>
  <datafield tag="040" ind1=" " ind2=" ">
    <subfield code="a">0</subfield>
  </datafield>
  <datafield tag="050" ind1="0" ind2="4">
    <subfield code="a">JF251</subfield>
  </datafield>
  <datafield tag="082" ind1="0" ind2="4">
    <subfield code="a">321.00922</subfield>
  </datafield>
  <datafield tag="100" ind1="1" ind2=" ">
    <subfield code="a">Ed, Eur  1st.</subfield>
  </datafield>
  <datafield tag="245" ind1="1" ind2="0">
    <subfield code="a">Profiles of people in power :</subfield>
    <subfield code="b">the world's government leaders /</subfield>
    <subfield code="c">Eur  1st Ed.</subfield>
  </datafield>
  <datafield tag="250" ind1=" " ind2=" ">
    <subfield code="a">1st ed.</subfield>
  </datafield>
  <datafield tag="260" ind1=" " ind2=" ">
    <subfield code="a">[S.l.] :</subfield>
    <subfield code="b">Europa Publications,</subfield>
    <subfield code="c">2003.</subfield>
  </datafield>
  <datafield tag="300" ind1=" " ind2=" ">
    <subfield code="a">656 p. ;</subfield>
    <subfield code="c">24 cm.</subfield>
  </datafield>
  <datafield tag="520" ind1=" " ind2=" ">
    <subfield code="a">This new work of biographical reference presents succinct narrative biographies of every serving head of state and head of government. Covering some 200 countries and territories, this book offers truly international coverage and provides invaluable background material on the world's government leaders. Featuring some 300 biographical profiles, it identifies some of the most important people in international affairs and clearly explains each country's type of government. A photographic section of a selection of the world's political leaders helps put a name to the face. In addition, addresses and telephone/fax/e-mail/internet details are listed in a user-friendly appendix. Each country section contains: * A brief explanation of its type of government and the respective roles of the head of state, the head of government and the legislature * A listing of the most recent heads of state and head of government, with dates of office * Biographical profiles of the current head of state and head of government, and other recent incumbents of these positions who remain significant and active political leaders * Photographic section with pictures of many of the world's political leaders * Fully indexed by name, date of taking office, and source of authority Profiles of People in Power will prove valuable to public, academic and school libraries, as well as news agencies and government organizations.</subfield>
  </datafield>
  <datafield tag="650" ind1=" " ind2="0">
    <subfield code="a">Heads of state</subfield>
  </datafield>
  <datafield tag="650" ind1=" " ind2="0">
    <subfield code="a">Prime ministers</subfield>
  </datafield>
  <datafield tag="650" ind1=" " ind2="0">
    <subfield code="a">World politics</subfield>
  </datafield>
  <datafield tag="856" ind1="4" ind2="0">
    <subfield code="3">Amazon.com</subfield>
    <subfield code="u">http://www.amazon.com/exec/obidos/ASIN/185743126X/chopaconline-20</subfield>
  </datafield>
  <datafield tag="942" ind1=" " ind2=" ">
    <subfield code="2">ddc</subfield>
    <subfield code="c">BK</subfield>
  </datafield>
  <datafield tag="999" ind1=" " ind2=" ">
    <subfield code="c">13788</subfield>
    <subfield code="d">13788</subfield>
  </datafield>
  <datafield tag="952" ind1=" " ind2=" ">
    <subfield code="0">0</subfield>
    <subfield code="1">0</subfield>
    <subfield code="4">0</subfield>
    <subfield code="7">0</subfield>
    <subfield code="8">NFIC</subfield>
    <subfield code="a">CIPS</subfield>
    <subfield code="b">CIPS</subfield>
    <subfield code="c">GEN</subfield>
    <subfield code="d">2013-08-02</subfield>
    <subfield code="l">0</subfield>
    <subfield code="o">321.00922 EAS 2003</subfield>
    <subfield code="p">CIPS0000119</subfield>
    <subfield code="r">2013-08-02</subfield>
    <subfield code="w">2017-01-05</subfield>
    <subfield code="y">BK</subfield>
  </datafield>
</record>
